| 000 | 00313nam a2200145 i 4500 | ||
|---|---|---|---|
| 001 | bg | ||
| 100 | 1 | _aAMIEL, Jean | |
| 245 | 0 |
_aChemia ogólna / _cJean Amiel. T.1. |
|
| 260 |
_aWarszawa, _c1975. |
||
| 040 | _cBPK | ||
| 041 | _apol | ||
| 080 | _a54 | ||
| 942 | _cKS | ||
| 008 | s pl f |000 0 pol | ||
| 999 |
_c47094 _d47094 |
||
| 856 |
_uhttp://koha.tu.koszalin.pl/cgi-bin/koha/opac-detail.pl?biblionumber=47094 _yKatalog online BPK |
||